Battlefield 6 Multiplayer Maps by Images - Statistics

General Stats
  • This quiz has been taken 8 times
  • The average score is 7 of 13
Answer Stats
Picture Answer % Correct
Operation Firestorm
100%
Manhattan Bridge
86%
Blackwell Fields
71%
Mirak Valley
57%
Siege of Cairo
57%
Contaminated
43%
Eastwood
43%
Empire State
43%
Iberian Offensive
43%
Liberation Peak
43%
New Sobek City
43%
Saints Quarter
43%
Fort Lyndon
0%
No matching quizzes found
Score Distribution
Percent of People with Each Score
Percentile by Number Answered
Your Score History
You have not taken this quiz